Hearing on National Defense Authorization Act for fiscal year 1991--H.R. 4739 and oversight of previously authorized programs before the Committee on Armed Services, House of Representatives, One Hundred First Congress, second session : Department of Energy, Defense Nuclear Facilities Panel hearing on Naval Nuclear Propulsion Program, hearing held, March 20, 1990.

Bibliographic Details
Corporate Authors: United States. Congress. House. Committee on Armed Services. Department of Energy, Defense Nuclear Facilities Panel, ProQuest (Firm)
Format: Government Document eBook
Language:English
Published: Washington : U.S. G.P.O., 1990.
Series:U.S. Congressional Hearings.
Subjects:
Online Access:Connect to the full text of this electronic book

MARC

Tag First Indicator Second Indicator Subfields
LEADER 00000cam a22000001a 4500
001 in00003290501
006 m d f
007 cr bn mmmapmmp
008 091021s1990 dcuab ob f001 0 eng d
005 20260511181131.7
035 |a cis2007456472 
040 |a UMI  |c UMI  |d UtOrBLW 
043 |a n-us--- 
074 |a 1012-A, 1012-B (MF) 
086 0 |a Y 4.Ar 5/2 a:989-90/54 
088 |a H.A.S.C. no 101-54 
099 |a HRG-1990-ASH-0008 
110 1 |a United States.  |b Congress.  |b House.  |b Committee on Armed Services.  |b Department of Energy, Defense Nuclear Facilities Panel. 
245 1 0 |a Hearing on National Defense Authorization Act for fiscal year 1991--H.R. 4739 and oversight of previously authorized programs before the Committee on Armed Services, House of Representatives, One Hundred First Congress, second session :  |b Department of Energy, Defense Nuclear Facilities Panel hearing on Naval Nuclear Propulsion Program, hearing held, March 20, 1990. 
264 1 |a Washington :  |b U.S. G.P.O.,  |c 1990. 
300 |a 1 online resource. 
336 |a text  |b txt  |2 rdacontent 
337 |a computer  |b c  |2 rdamedia 
338 |a online resource  |b cr  |2 rdacarrier 
500 |a Record is based on bibliographic data in ProQuest Congressional Hearings Digital Collection. Reuse except for individual research requires license from ProQuest, LLC. 
504 |a Includes bibliographical references and index. 
538 |a System requirements: PDF reader software. 
500 |a Electronic resource. 
610 1 0 |a United States.  |b Department of Energy  |x Appropriations and expenditures. 
610 1 0 |a United States.  |b Navy  |x Appropriations and expenditures. 
650 0 |a Nuclear ships  |x Law and legislation  |z United States. 
655 7 |a Electronic books.  |2 local 
710 2 |a ProQuest (Firm) 
776 0 8 |i Print version:  |a United States. Congress. House. Committee on Armed Services. Dept. of Energy, Defense Nuclear Facilities Panel  |t Hearing on National Defense Authorization Act for fiscal year 1991--H.R. 4739 and oversight of previously authorized programs before the Committee on Armed Services, House of Representatives, One Hundred First Congress, second session  |w (DGPO)91060052  |w (OCoLC)22772954 
776 0 8 |i Microfiche version:  |a United States. Congress. House. Committee on Armed Services. Dept. of Energy, Defense Nuclear Facilities Panel  |t Hearing on National Defense Authorization Act for fiscal year 1991--H.R. 4739 and oversight of previously authorized programs before the Committee on Armed Services, House of Representatives, One Hundred First Congress, second session.  |d [Bethesda, Md.] : ProQuest,[2004]  |o CIS 90 H201-49  |w (ProQuest)cis09000196 
830 0 |a U.S. Congressional Hearings. 
856 4 0 |u http://proxy.library.tamu.edu/login?url=https://congressional.proquest.com/congcomp/getdoc?HEARING-ID=HRG-1990-ASH-0008  |z Connect to the full text of this electronic book  |t 0 
998 |a cis09000196 
999 |a MARS 
999 f f |s 57409fd3-ee27-3836-80e6-f4fefb0e8ab2  |i 563a94ba-1767-34af-bfca-a4e4e530f0f8  |t 0 
952 f f |a Texas A&M University  |b College Station  |c Electronic Resources  |s www_evans  |d Available Online  |t 0  |e HRG-1990-ASH-0008  |h Other scheme 
998 f f |a HRG-1990-ASH-0008  |t 0  |l Available Online